1606 1866 1793 1592 1702 1500 1356 1163 1439 1603 1761 1840 1607 1805 1643 1724 1413 1082 1040 1851 1893 1288 1315 1718 1286 1967 1129 1054 1954 1378 1840 1846 1692 1460 1602 1475 1661 1744 1215 1731 1783 1548 1504 1648 1461 1053 1127 1555 1827 1551 1325 1923 1790 1962 1128 1505 1389 1823 1655 1350 1497 1417 1303 1443 1987 1558 1021 1296 1148 1816 1949 1187 1374 1231 1481 1145 1986 1603 1535 1419 1040 1832 1458 1873 1386 1883 1008 1673 1080 1411 1485 1540 1119 1760 1188 1175 1156 1291 1136 BCNSPRNW ULIB Ver.6.0+V

เปลี่ยนเป็นภาษาไทย

Change to English
 แสดงรายละเอียดบรรณานุกรม
  กลับหน้าหลัก

Brief Record : Get Marc (ISO 2709) : E-mail record : QR code < ปิดหน้าต่าง
LEADER : 00000nam 2200000uu 4500
001    13399109923
003     ULIB
008    110418s2551||||th 000 0 tha d
020    9748316386
060 04 WT100^bบ184ก 2551
100 0  บรรลุ ศิริพานิช
245 10 การออกกำลังกายเพื่อสุขภาพสำหรับผู้สูงอายุ /^cบรรลุ ศิริพานิช
250    พิมพ์ครั้งที่ 8
260    กรุงเทพฯ :^bหมอชาวบ้าน,^c2551
300    184 หน้า :^bภาพประกอบ ;^c21 ซม.
650  7 ผู้สูงอายุ
650  7 ผู้สูงอายุ^xสุขภาพอนามัย
650  7 ผู้สูงอายุ^xการดูแล
650  7 การออกกำลังกาย
945    ^p95^l0^i023846
945    ^p95^l0^i023845
995    เกษร
999    ^aใช้งานได้ทุกระบบ
รายการนี้ยังไม่มีแท็ก
คุณยังไม่ได้ล็อกอิน คุณสามารถมีกิจกรรมร่วมกับเว็บไซต์ได้ แต่ต้องล็อกอินก่อน ::
  ล็อกอิน

รายการสื่อสารสนเทศ

ลำดับที่ ประเภท เลขเรียก/บาร์โค้ด สถานที่ สถานะ
- ไม่พบข้อมูล -

รายการใกล้เคียง
    ผู้แต่ง [บรรลุ ศิริพานิช]

    หัวเรื่อง [ผู้สูงอายุ]
    หัวเรื่อง [ผู้สูงอายุ การดูแล]
    หัวเรื่อง [การออกกำลังกาย]

BibComment


ยังไม่เคยถูกคอมเมนท์

คอมเมนท์ทรัพยากรรายการนี้
  คอมเมนท์: การออกกำลังกายเพื..


 Copyright 2026. Bcnsprnw @Library